Welcome to CU Library Online Public Access Catalogue (OPAC)

AN INTRODUCTION TO SYNTEX (Record no. 1703)

MARC details
000 -LEADER
fixed length control field 00338nam a22001337a 4500
005 - DATE AND TIME OF LATEST TRANSACTION
control field 20241128131924.0
008 - FIXED-LENGTH DATA ELEMENTS--GENERAL INFORMATION
fixed length control field 241128b |||||||| |||| 00| 0 eng d
020 ## - INTERNATIONAL STANDARD BOOK NUMBER
International Standard Book Number 0521635667
050 ## - LIBRARY OF CONGRESS CALL NUMBER
Classification number P291 VAL
100 ## - MAIN ENTRY--PERSONAL NAME
Personal name VAN VALIN D. ROBERT JR.
245 ## - TITLE STATEMENT
Title AN INTRODUCTION TO SYNTEX
500 ## - GENERAL NOTE
General note XVI,239p.illus,ref.,index
942 ## - ADDED ENTRY ELEMENTS (KOHA)
Source of classification or shelving scheme Library of Congress Classification
Koha item type Books
Suppress in OPAC No
999 ## -
-- 1703
-- 1703
Holdings
Withdrawn status Lost status Source of classification or shelving scheme Damaged status Not for loan Collection Home library Current library Shelving location Date acquired Total checkouts Full call number Barcode Date last seen Copy number Price effective from Koha item type
    Library of Congress Classification     Non-fiction Graduate Library (Christ Temple) Graduate Library (Christ Temple) General stacks 11/28/2024   P 291 VAL gsct00000153 11/28/2024 1 11/28/2024 Books
© 2023-2024 Copyright: Central University Libraries. All Rights Reserved | Created by: Mahone Tech Office